Infrastructure systems for project management /
Saved in:
| Main Author: | |
|---|---|
| Format: | Thesis Book |
| Language: | English |
| Published: |
1992.
|
| Subjects: | |
| Tags: |
Add Tag
No Tags, Be the first to tag this record!
|
| LEADER | 00812cam a2200241 a 4500 | ||
|---|---|---|---|
| 001 | u330011 | ||
| 003 | SIRSI | ||
| 008 | 930810s1992 si v 00 1 eng m | ||
| 035 | |a ABP-3165 | ||
| 040 | |a UMM | ||
| 090 | |a HD69 |b P75Nal | ||
| 100 | 1 | 0 | |a Nalpon, Michael David. |
| 245 | 1 | 0 | |a Infrastructure systems for project management / |c by Michael David Nalpon. |
| 260 | |c 1992. | ||
| 300 | |a x, 99 leaves : |b ill. ; |c 30 cm. | ||
| 502 | |a Dissertation (M.Sc.) -- National University of Singapore, 1992. | ||
| 504 | |a Includes bibliographical references. | ||
| 650 | 0 | |a Project management. | |
| 650 | 0 | |a Construction industry |x Management. | |
| 650 | 0 | |a Infrastructure (Economics) | |
| 948 | |a 10/08/1993 |b 20/08/2002 | ||
| 596 | |a 1 | ||
| 999 | |a HD69 P75NAL |w LC |c 1 |i A504455021 |d 31/3/1999 |l STACKS |m P01UTAMA |n 2 |r Y |s Y |t TESIS |u 25/8/1993 | ||
